| 000 | 00667cam a22002172 4500 | ||
|---|---|---|---|
| 001 | 0000020973 | ||
| 005 | 20151021151140.0 | ||
| 008 | 120105s xx 000 0 eng d | ||
| 020 | _a9966254455 : | ||
| 040 |
_aKABU _cKABU |
||
| 050 | 0 |
_aHF5635 _b.K56 2008 |
|
| 100 | 1 |
_aKimuda, Daniel W. _@0000151894 |
|
| 245 | 1 | 2 | _aA Textbook of financial accounting. |
| 260 |
_aNairobi : _bE. A. E. P., _c2008. |
||
| 300 | _axi, 426 p. | ||
| 650 | 0 |
_aAccounting. _@0000148321 |
|
| 852 | 1 | _9p990 KES | |
| 852 | 1 | _9p990 KES | |
| 908 | _a120105 | ||
| 950 | _@1 | ||
| 999 |
_c1222 _d1222 |
||